Skúsenosti z čerpania finančných zdrojov z európskeho fondu regionálneho rozvoja v SR
Čerpanie finančných zdrojov z európskych fondov podmienené ekonomickými, psychologickými aj kultúrnymi faktormi. Najvýznamnejší faktor - komunikácia. Skúsenosti a poznatky z aplikácie marketingovej a manažérskej komunikácie v procese získavania a čerpania finančných zdrojov z európskeho fondu region...
Gespeichert in:
| 1. Verfasser: | |
|---|---|
| Weitere Verfasser: | |
| Format: | Buchkapitel |
| Sprache: | Slowakisch |
| Schlagworte: | |
| Tags: |
Keine Tags, Fügen Sie das erste Tag hinzu!
|
MARC
| LEADER | 00000naa$a2200000$$$4500 | ||
|---|---|---|---|
| 001 | 0104644 | ||
| 005 | 20240502083248.5 | ||
| 041 | 0 | |a slo | |
| 044 | |a CZ | ||
| 245 | 1 | 0 | |a Skúsenosti z čerpania finančných zdrojov z európskeho fondu regionálneho rozvoja v SR |c Miroslava Szarková, Alexandra Drgová |
| 520 | |a Čerpanie finančných zdrojov z európskych fondov podmienené ekonomickými, psychologickými aj kultúrnymi faktormi. Najvýznamnejší faktor - komunikácia. Skúsenosti a poznatky z aplikácie marketingovej a manažérskej komunikácie v procese získavania a čerpania finančných zdrojov z európskeho fondu regionálneho rozvoja v Slovenskej republike. | ||
| 610 | 2 | 0 | |a fondy finančné |
| 610 | 2 | 0 | |a zdroje finančné |
| 610 | 2 | 0 | |a financovanie |
| 610 | 2 | 0 | |a fondy štruktúrne |
| 610 | 2 | 0 | |a rozvoj regionálny |
| 610 | 2 | 0 | |a komunikácia manažérska |
| 610 | 2 | 0 | |a Slovensko |
| 610 | 2 | 0 | |a Európska únia |
| 100 | 1 | |a Szarková, Miroslava, 1951- | |
| 700 | 1 | |a Drgová, Alexandra | |